000 00773cab a2200265 4500
001 X1813
008 090401t1995 xxu||||| |||| 00| 0 eng d
035 _a(Sirsi) u19544
041 _aeng
245 _aEuropean union agricultural policy: development programmes approved
260 _c1995
350 _a0
490 _aCSM (Chartered Surveyor Monthly)
_v4(3) January 1995, 10(1)
650 _aEAST ANGLIA
650 _aEUROPEAN AGRICULTURAL GUIDANCE AND GUARANTEE FUND
650 _aEUROPEAN REGIONAL DEVELOPMENT FUND
650 _aEUROPEAN SOCIAL FUND
650 _aRURAL AREAS
650 _aRURAL DEVELOPMENT PROGRAMMES
650 _aRURAL DEVELOPMENT
650 _aSTRUCTURAL FUNDS
690 _aRURAL PRACTICE
942 _n0
948 _c04/03/1997
999 _c13059
_d13059